Infocentrum Devín
Uložené v:
| Hlavný autor: | |
|---|---|
| Ďalší autori: | |
| Médium: | Rukopis Kniha |
| Jazyk: | Slovak |
| Vydavateľské údaje: |
2019
|
| Predmet: | |
| On-line prístup: | http://is.stuba.sk/zp/portal_zp.pl?podrobnosti=143223 https://opac.crzp.sk/?fn=detailBiblioForm&sid=9F8942B94996237AA3F51EF666DC |
| Tagy: |
Žiadne tagy, Buďte prvý, kto otaguje tento záznam!
|
MARC
| LEADER | 00000ntm a22000003a 4500 | ||
|---|---|---|---|
| 001 | stuzp72505 | ||
| 003 | SK-STU | ||
| 005 | 20230530130012.6 | ||
| 007 | ta | ||
| 008 | 150427s2015----xo-----f-mn---000-0-slo-d | ||
| 040 | |a STU |b slo | ||
| 041 | 0 | |a slo | |
| 100 | 1 | |a Galušková, Lucia |u 010310 |k Z4 |4 aut |U SvF Stavebná fakulta |T SvF Katedra architektúry |X 63410 |U V181|V310 |Y 19 |7 63410 | |
| 242 | 0 | 1 | |a Infocenter Devín |y eng |
| 245 | 1 | 0 | |a Infocentrum Devín |
| 260 | |c 2019 | ||
| 650 | 4 | |a hrad |2 slo | |
| 650 | 4 | |a Devín |2 slo | |
| 650 | 4 | |a infocentrum |2 slo | |
| 650 | 4 | |a castle |2 eng | |
| 650 | 4 | |a Devín |2 eng | |
| 650 | 4 | |a visitor center |2 eng | |
| 700 | 1 | |a Nádaská, Zuzana |u 010310 |k Z8 |4 ths |U SvF Stavebná fakulta |T SvF Katedra architektúry |X 790 |U V181|V310 |Y 19 |7 A000000790 | |
| 856 | 4 | |u http://is.stuba.sk/zp/portal_zp.pl?podrobnosti=143223 | |
| 856 | 4 | |u https://opac.crzp.sk/?fn=detailBiblioForm&sid=9F8942B94996237AA3F51EF666DC | |